000 01757nam a2200409 i 4500
001 200440002
999 _c200440002
_d58214
003 TR-AnTOB
005 20251230093753.0
007 ta
008 210316s1982 tu g 00| 0 tur d
040 _aTR-AnTOB
_beng
_erda
_cTR-AnTOB
041 1 _atur
_hger
050 1 _aHD9863.5
_b.F7519 1982
090 _aHD9863.5
_b.F7519 1982
100 1 _aFröbel, Folker
_eauthor
_9129598
240 1 0 _aDie neue internationale Arbeitsteilung, Strukturelle Arbeitslosigkeit in den Industrielander und Industrialisierung der Entwinklungslander.
_lTurkish.
245 1 0 _aUluslararası yeni işbölümü ve serbest bölgeler :
_bek : Türkiye'de serbest bölge girişimleri 1923-1982 /
_cF. Fröbel, J. Heinrichs, O. Kreye ; çeviren Yılmaz Öner.
264 1 _aİstanbul :
_bBelge Yayınları,
_c1982.
300 _a282 pages :
_btables ;
_c20 cm
336 _2rdacontent
_atext
_btxt
337 _2rdamedia
_aunmediated
_bn
338 _2rdacarrier
_avolume
_bnc
490 _aBelge yayınları ;
_v15
500 _aTranslation of: Die neue internationale Arbeitsteilung, Strukturelle Arbeitslosigkeit in den Industrielander und Industrialisierung der Entwinklungslander.
650 7 _aTekstil endüstrisi
_2etuturkob
_9123963
650 7 _aGiyim ticareti
_2etuturkob
_9123964
650 7 _aDış ticaret ve istihdam
_2etuturkob
_9108989
650 7 _aSerbest limanlar ve bölgeler
_zTürkiye
_2etuturkob
_918944
653 _aTekstil endüstrisi--Almanya (Batı)
653 _aGiyim ticareti--Almanya (Batı)
653 _aYapısal işsizlik
653 _aGelişmekte olan ülkeler--Endüstriler
700 1 _aÖner, M. Yılmaz
_etranslator
_98069
942 _2lcc
_cBK